| 000 | 00634nam a22001817a 4500 | ||
|---|---|---|---|
| 005 | 20231108070043.0 | ||
| 008 | 231108b |||||||| |||| 00| 0 eng d | ||
| 020 | _a9780409053180 ; 0409053180 X | ||
| 041 | _aEnglish | ||
| 082 | _a346.4 SIL | ||
| 100 |
_aBadenhorst ,PJ ; Pienaar, JM and Mostert, H _lEnglish |
||
| 245 |
_aSilberberg and Schoeman's: The Law of Property / _cPJ Badenhorst, JM Pienaar and H Mostert |
||
| 250 | _aFifth Edition | ||
| 260 |
_aDurban : _bLexisNexis Butterworth, _c2006 |
||
| 300 |
_bxxvii, 846 pages ; _c24,7 cm. |
||
| 650 |
_aLegal practice _bLaw |
||
| 942 |
_cBK _6ALISON_BN_VRIES |
||
| 999 |
_c398 _d398 |
||